Growth and yield potential of promising new clones of Hevea brasiliensis under the dry sub-humid climate of North Kerala (Record no. 49427)

MARC details
000 -LEADER
fixed length control field 00644nam a2200193Ia 4500
100 ## - MAIN ENTRY--AUTHOR NAME
Personal name Meenakumari T
245 #0 - TITLE STATEMENT
Title Growth and yield potential of promising new clones of Hevea brasiliensis under the dry sub-humid climate of North Kerala
260 ## - PUBLICATION, DISTRIBUTION, ETC. (IMPRINT)
Name of publisher IRRDB-RRII Workshop on Multilateral Clone Exchange, 1-7 June 2014, Rubber Research Institute of INdia, Kottayam, India.
650 ## - SUBJECT ADDED ENTRY--TOPICAL TERM
Topical Term Growth
650 ## - SUBJECT ADDED ENTRY--TOPICAL TERM
Topical Term Yield
650 ## - SUBJECT ADDED ENTRY--TOPICAL TERM
Topical Term Yield potential
700 ## - ADDED ENTRY--PERSONAL NAME
Personal name Gireesh T
700 ## - ADDED ENTRY--PERSONAL NAME
Personal name Joseph A
700 ## - ADDED ENTRY--PERSONAL NAME
Personal name Lakshmanan R
700 ## - ADDED ENTRY--PERSONAL NAME
Personal name Meenattoor R J
700 ## - ADDED ENTRY--PERSONAL NAME
Personal name Mydin K K
942 ## - ADDED ENTRY ELEMENTS (KOHA)
Koha item type Bibliography STAF
Holdings
Withdrawn status Lost status Damaged status Not for loan Home library Current library Shelving location Date acquired Koha item type
      Bibliography RRII Library RRII Library Botany 09/04/2014 Bibliography STAF